00317nam a2200145Ia 4500008004000000041000800040082001200048100001400060245002900074260002300103300000800126650001300134650000700147650001700154210210b1944 xxu||||| |||| 00| 0 eng d aeng a320/209 aGOETZ (H) aCommonwealth of tomorrow aAllahabadb-c1944 a181 atomorrow aof aCommonwealth